Responses for Show #1006 - Monday, January 9, 1989

Contestants

[<< previous game]

Bruce Kendall, a graduate student from San Francisco, California

John Booher, a retail manager originally from Baltimore, Maryland

Dianne Bubb, a personal assistant originally from London, England (whose 1-day cash winnings total $12,800)

[next game >>]

Jeopardy! Round responses

AMERICAN HEROES & LEGENDS
TRAVEL & TOURISM
FRUITS & VEGETABLES
NEW TESTAMENT
NAME CHANGES
10-LETTER WORDS
    $100 17
Paul Bunyan

Bruce
    $100 1
the Matterhorn

Dianne
    $100 23
kale

Triple Stumper
    $100 6
Passover

Dianne
    $100 11
Polly Bergen

Dianne
    $100 13
a dictionary

Bruce
    $200 19
Annie Oakley

Bruce
    $200 2
a submarine

John
    $200 27
the huckleberry

Bruce
    $200 7
(John: What is [*]?)
(Alex: No. Bruce or Dianne? We will accept that, in place of put asunder?)
(Offstage voice: Translations.)
(Alex: Hmm. You haven't been married long enough.)

put asunder (rend asunder accepted)

John
    $200 12
Mack Sennett

Bruce
    $200 14
midshipman

John
    $300 20
Casey Jones

Bruce
    $300 3
Vermont

John
    $300 28
[The end-of-round signal sounds.]

California

Bruce
    $300 8
letters (or epistles)

Bruce
    $300 24
Jane Wyman

Dianne
    $300 15
monotonous

Dianne
    $500 21
(Bruce: [No response])

Pecos Bill

Bruce
    $400 4
Maine

Triple Stumper
    $400 9
Lazarus

John
    $400 25
Sandra Dee

Dianne
    $400 16
occupation

Triple Stumper
    $500 22
(John: Who is Jesse James?)
...
(Alex: We've got less than a minute to go.)

Sam Bass

John
Triple Stumper
    $500 5
(John: What is Denver and Washington, D.C.?)

Denver & Philadelphia

John
Triple Stumper
    $500 10
(Bruce: Who is Jesus?)

Joseph

JohnBruce
    $500 26
Frank Morgan

Triple Stumper
    $500 18
The Commodores

John

Scores at the first commercial break (after clue 12):

Dianne John Bruce
$300 $1,100 $0

Scores at the end of the Jeopardy! Round:

Dianne John Bruce
$1,300 $1,300 $700

Double Jeopardy! Round responses

MODERN LITERATURE
BERMUDA
HISTORY
GAMBLING
ART
GILBERT & SULLIVAN
    $200 5
1984

Bruce
    $200 23
the capital of Bermuda

Dianne
    $200 12
Peking

John
    $200 2
a slot machine

John
    $200 1
Brigham Young

Dianne
    $200 16
The Mikado

John
    $400 6
The Lord of the Rings

John
    $400 26
shorts

Dianne
    $400 13
Siberia

John
    $400 3
(John: What is Monaco?)
(Bruce: What is Italy?)

Australia

JohnBruce
Triple Stumper
    $400 18
The Thinker

John
    $400 21
H.M.S. Pinafore

Bruce
    $1,000 7
(John: Um, what is...)

The Jewel in the Crown

John
    $600 28
[The end-of-round signal sounds.]

automobiles

John
    $600 14
the Mongols

Bruce
    $600 4
double zero

Bruce
    $1,700 19
Nefertiti

John
    $600 24
(Alex: You're right, we've got a minute to go.)

The Tower of London

Bruce
    $800 8
Gore Vidal

Bruce
    $800 15
Richelieu

Dianne
    $800 10
chemin de fer

Dianne
    $800 20
her hair

Dianne
    $800 25
a modern major general

Triple Stumper
    $1000 9
Richard Condon

Dianne
    $1000 17
(Dianne: What is San Diego?)

Monterey

Dianne
Triple Stumper
    $1000 11
parimutuel

Triple Stumper
    $1000 22
The Blue Boy

John
    $1000 27
D'Oyly Carte

Triple Stumper

Scores at the end of the Double Jeopardy! Round:

Dianne John Bruce
$4,500 $5,000 $3,500

[wagering suggestions for these scores]

Final Jeopardy! Round responses

PRESIDENTS
[The other presidents not named by players were not mentioned by Alex.]
BruceWho are Lincoln and Washington
$3,500
DianneWho is Washington and Jackson
$3,500
JohnWho are Washington +
$4,001
(2 of) Washington, Jackson, Van Buren, Taylor, Fillmore, Lincoln, Andrew Johnson, Cleveland & Truman

Final scores:

Dianne John Bruce
$8,000 $999 $7,000
2-day champion: $20,800 3rd place: Panasonic word processor 2nd place: Set of matching chairs and ottoman and a glass fire screen and fire set

Game dynamics:

Coryat scores:

Dianne John Bruce
$4,500 $4,900 $4,000
13 R,
1 W
16 R
(including 1 DD),
4 W
(including 1 DD)
14 R,
3 W
(including 1 DD)

Combined Coryat: $13,400

[game clues] [game scores] [suggest correction]

Game tape date: 1988-10-10
The J! Archive is created by fans, for fans. Scraping, republication, monetization, and malicious use prohibited; this site may use cookies and collect identifying information. See terms. The Jeopardy! game show and all elements thereof, including but not limited to copyright and trademark thereto, are the property of Jeopardy Productions, Inc. and are protected under law. This website is not affiliated with, sponsored by, or operated by Jeopardy Productions, Inc. Join the discussion at JBoard.tv.